Εγκληματολογία : σύγχρονες και παλαιότερες κατευθύνσεις

Αποθηκεύτηκε σε:
Λεπτομέρειες βιβλιογραφικής εγγραφής
Κύριος συγγραφέας: Σπινέλλη, Καλλιόπη Δ.
Μορφή: Βιβλίο
Γλώσσα:Greek
Δημοσίευση: Αθήνα : Νομική Βιβλιοθήκη, 2014.
Έκδοση:3η αναν. έκδ.
Θέματα:
Ετικέτες: Προσθήκη ετικέτας
Δεν υπάρχουν, Καταχωρήστε ετικέτα πρώτοι!

MARC

LEADER 00000cam a2200000 a 4500
001 1/110749
008 160518s2014####gr |||||||||||||| ||gre||
020 |a 9789605623135  
040 |a GR-MyUa  |b gre  |c GR-MyUa  |e AACR2 
041 0 |a gre 
082 7 |a 364   |2 (23)  
100 1 |a Σπινέλλη, Καλλιόπη Δ. 
245 1 0 |a Εγκληματολογία :   |b σύγχρονες και παλαιότερες κατευθύνσεις /   |c Καλλιόπη Δ. Σπινέλλη.  
250 |a 3η αναν. έκδ.  
260 |a Αθήνα :   |b Νομική Βιβλιοθήκη,   |c 2014.  
300 |a 344 σ. ;   |c 23 εκ.  
504 |a Περιέχει βιβλιογραφία.  
650 0 |a Criminology. 
650 0 |a Crime  |x Social aspects. 
650 0 |a Criminology  |z Greece. 
852 |a INST  |b LESVOS  |c EUDOXUS  |e 20160518  |h 364 ΣΠΙ  |p 005100057612  |q 005100057612  |t EDX  |y 0 
852 |a INST  |b LESVOS  |c EUDOXUS  |e 20220509  |h 364 ΣΠΙ  |p 005100064349  |q 005100064349  |t EDX  |y 0 
920 |a Εύδοξος  |b Παραγγελία  |y Λέσβος-ΤΚ  |z 2016-04 
920 |a Εύδοξος  |b Παραγγελία  |y Λέσβος-ΤΚ  |z 2022-05 
970 |a Καμάτσου  |b Δέσποινα  |z 18-05-2016